000
00210 a2200097 4500
001
11221
100
_a
Potichinyi, P.
245
_a
From the cold war to Detente
260
_a
_b
Preager
_c
090
_c
8773
_d
8773
942
_a
NUST-CAE
_c
M
_c
35570
999
_c
246294
_d
246294